Music Quiz

Random Music or Rap Quiz
Score 0/25 Timer 06:00
0 Plays Today
Question Answer Wrong Answers
The Beatles
Billie Jean
Wrong
92.4%
Right
4.9%
Bee Gees
Stayin' Alive
Right
92.4%
Wrong
4.9%
Katy Perry
All About That Bass
Wrong
91.5%
Right
5.8%
Michael Jackson
When Doves Cry
Wrong
89%
Right
8.2%
The Rolling Stones
Don't Stop Believin'
Wrong
89%
Right
8.2%
Billy Joel
Piano Man
Right
88.7%
Wrong
8.4%
The Black Eyed Peas
I Gotta Feeling
Right
85.8%
Wrong
11.5%
Queen
We Didn't Start the Fire
Wrong
84.7%
Right
12.6%
Elvis Presley
Ring of Fire
Wrong
82.8%
Right
14.4%
Beyoncé
Halo
Right
81.2%
Wrong
16.1%
Lionel Richie
Say You, Say Me
Right
81%
Wrong
16.1%
Prince
Little Red Corvette
Right
80.5%
Wrong
16.7%
The Beach Boys
Born in the USA
Wrong
80.4%
Right
16.8%
Rihanna
Firework
Wrong
80.4%
Right
16.9%
Janet Jackson
I Just Called to Say I Love You
Wrong
78.4%
Right
18.7%
Pink Floyd
Comfortably Numb
Right
77.1%
Wrong
20%
Bruno Mars
Stay with Me
Wrong
75.5%
Right
21.7%
Elton John
I'm Still Standing
Right
75.2%
Wrong
22%
Usher
Hey Ya!
Wrong
73.8%
Right
23.5%
Mariah Carey
All by Myself
Wrong
73.7%
Right
23.5%
Bruce Springsteen
Dancing in the Dark
Right
73.4%
Wrong
23.8%
Marvin Gaye and Tammi Terrell
Ain't No Mountain High Enough
Right
70%
Wrong
27.2%
Madonna
La Isla Bonita
Right
66.3%
Wrong
30.9%
Dolly Parton
I Will Always Love You
Right
63.4%
Wrong
33.9%
Stevie Wonder
Boogie on Reggae Woman
Right
50%
Wrong
47.2%
Remove Ads.
Support Sporcle.
Get the best of Sporcle when you Go Orange. This ad-free experience offers more features, more stats, and more fun while also helping to support Sporcle. Thank you for becoming a member.

You're not logged in!

Compare scores with friends on all Sporcle quizzes.
OR
Log In

Show Comments

Extras

Top Quizzes Today


Score Distribution

Your Account Isn't Verified!

In order to create a playlist on Sporcle, you need to verify the email address you used during registration. Go to your Sporcle Settings to finish the process.

Report this User

Report this user for behavior that violates our Community Guidelines.

Details: